000 00844nam a22002177a 4500
999 _c20788
_d20788
003 AR-CdUCM
008 190605b ||||| |||| 00| 0 spa d
040 _aMUNICIPALIDAD PROVINCIAL DEL CUSCO
_cBIBLIOTECA MUNICIPAL DEL CUSCO
082 _a864 /
_bC77
100 _aCorominas, Pedro
_943414
245 _aEl sentimiento de la riqueza en castilla :
_bConferencias dadas en la residencia de estudiantes los días 24, 26 y 28 de marzo de 1917 /
260 _aMadrid:
_bResidencia de estudiantes,
_c1917.
300 _a251 páginas;
_c20 cm.
505 _aContenido: El sentimiento de la riqueza en Castilla -- Exposición de un método -- EL sentimiento de riqueza en los cantares...
650 _aPoemas
_9315
650 _aPalabras
_926251
650 _aOro
_932394
650 _aPlata
_932007
942 _2ddc
_cLIBROS
945 _aJavier